| 000 | 00724nam a22002177a 4500 | ||
|---|---|---|---|
| 003 | OSt | ||
| 005 | 20160321123743.0 | ||
| 008 | 160318b xxu||||| |||| 00| 0 eng d | ||
| 020 | _a1423420439 | ||
| 040 |
_aKABU _cKABU |
||
| 050 |
_aMT930 _b .M53 2007 |
||
| 100 | _aMcGill, Stan | ||
| 245 |
_aBeyond singing _bblueprint for the exceptional choral program _cStan McGill and Elizabeth Volk |
||
| 250 | _a1st ed. | ||
| 260 |
_aMilwaukee _bHAL.LEONARD _c2007 |
||
| 300 |
_axi, 248p. _eAccompanied by CD-ROM |
||
| 650 |
_achoral singing _vInstruction and study _xJuvenile |
||
| 650 |
_aSchool music _vInstruction and study |
||
| 700 | _aVolk, Elizabeth | ||
| 942 |
_2lcc _cBK _hMT930 _i.M53 2007 C.1 |
||
| 999 |
_c15886 _d15886 |
||